Gaming Quiz

Random Gaming Quiz

Name the professor layton main characters Quiz Stats

Quiz not verified by Sporcle

Challenge
Share
Tweet
Embed
Score 0/10 Timer 04:00
0 Plays Today
discription % Correct
He is fond of puzzles, animals, teddy bears, and the color blueLuke Triton
95.3%
a stereotypical English gentleman, who enjoys solving puzzles Hershal Layton
90.5%
Layton's self-declared nemesis and the main villain Don Paolo
80.4%
the police chief of London's Scotland YardInspector Chelmey
77.9%
She is sweet, shy, and reserved, but can show her stubborn side when dealing with others' concerns for her safetyFlora Reinhold
73.8%
Inspector Chelmey's timid assistant who constantly has snacking urgesBarton
71.9%
An elusive masked man that has proven to be even more resourceful and vicious than any other enemy faced by the Professor and his friends so farJean Descole
67.8%
Professor Layton's assistant as appointed by the President of Gressenheller UniversityEmmy Altava
65.9%
Most people view her as a witch, presumably due to her get upGranny Riddleton
54.6%
He has a fiery passion for mysteries that require his expertiseInspector Clamp Grosky
29.3%

You're not logged in!

Compare scores with friends on all Sporcle quizzes.
Sign Up with Email
OR
Log In

You Might Also Like...

Show Comments

Extras

Top Quizzes Today


Score Distribution

Your Account Isn't Verified!

In order to create a playlist on Sporcle, you need to verify the email address you used during registration. Go to your Sporcle Settings to finish the process.